[Event "PRO League Group Stage"]
[Site "chess.com INT"]
[Date "2018.02.24"]
[Round "7"]
[White "Grigoryan, Karen H."]
[Black "Perez, Maximiliano"]
[Result "1-0"]
[WhiteTitle "GM"]
[BlackTitle "IM"]
[WhiteElo "2581"]
[BlackElo "2399"]
[WhiteTeam "Armenia Eagles"]
[BlackTeam "Buenos Aires Krakens"]
[WhiteFideId "13301004"]
[BlackFideId "117234"]
[EventDate "2018.01.18"]

1. Nf3 Nf6 2. c4 g6 3. g3 Bg7 4. Bg2 O-O 5. O-O d6 6. Nc3 e5 7. d3 a5 8. Bg5 h6
9. Bxf6 Bxf6 10. Nd2 Re8 11. a3 Bg7 12. Rb1 c6 13. b4 axb4 14. axb4 e4 15. Qc2
exd3 16. exd3 Ra3 17. Nb3 Qc7 18. b5 Bxc3 19. Qxc3 Nd7 20. Qc1 Ra2 21. bxc6 bxc6
22. Qxh6 Ne5 23. Rbe1 Re7 24. Qg5 Kg7 25. d4 f6 26. Qe3 Ba6 27. dxe5 Rxe5 28.
Qc3 d5 29. Nc5 Bxc4 30. Ne6+ Rxe6 31. Rxe6 1-0

[Event "PRO League Group Stage"]
[Site "chess.com INT"]
[Date "2018.02.24"]
[Round "7"]
[White "Grigoryan, Karen H."]
[Black "Brattain, Mika"]
[Result "1-0"]
[WhiteTitle "GM"]
[WhiteElo "2581"]
[BlackElo "2404"]
[WhiteTeam "Armenia Eagles"]
[BlackTeam "Pittsburgh Pawngrabbers"]
[WhiteFideId "13301004"]
[BlackFideId "2071142"]
[EventDate "2018.01.18"]

1. e4 e5 2. Nc3 Nf6 3. g3 d5 4. exd5 Nxd5 5. Bg2 Nxc3 6. bxc3 Bd6 7. Ne2 O-O 8.
O-O Nc6 9. Rb1 f5 10. d4 e4 11. f3 exf3 12. Bxf3 Na5 13. c4 c5 14. Bd5+ Kh8 15.
c3 Bd7 16. Bf4 Bxf4 17. Nxf4 Qf6 18. Qd3 Bc6 19. Ne6 Bxd5 20. cxd5 c4 21. Qf3
Rf7 22. Rfe1 h6 23. Re5 b6 24. d6 Re8 25. Rbe1 Rg8 26. Qd5 g5 27. d7 f4 28. d8=Q 1-0

[Event "PRO League Group Stage"]
[Site "chess.com INT"]
[Date "2018.02.24"]
[Round "7"]
[White "Grigoryan, Karen H."]
[Black "Cornejo, Max"]
[Result "1-0"]
[WhiteTitle "GM"]
[BlackTitle "IM"]
[WhiteElo "2581"]
[BlackElo "2421"]
[WhiteTeam "Armenia Eagles"]
[BlackTeam "Rio Grande Ospreys"]
[WhiteFideId "13301004"]
[BlackFideId "3801950"]
[EventDate "2018.01.18"]

1. g3 d5 2. Bg2 Nf6 3. Nf3 Bg4 4. c4 Bxf3 5. Bxf3 c6 6. cxd5 cxd5 7. Nc3 e6 8.
O-O Nc6 9. d3 Be7 10. e4 d4 11. Ne2 h5 12. Qa4 Kf8 13. e5 Nd5 14. Be4 Nb6 15.
Qd1 h4 16. f4 f5 17. exf6 gxf6 18. f5 e5 19. g4 a5 20. Kh1 a4 21. g5 Rg8 22. g6
Kg7 23. Rf3 Rh8 24. Rh3 Nd5 25. a3 Qd7 26. Qe1 Na5 27. Rxh4 Rxh4 28. Qxh4 Rh8
29. Qe1 Nb3 30. Rb1 Kg8 31. Ng3 Bf8 32. Bd2 b5 33. Rc1 Nxc1 34. Qxc1 Kg7 35. Qd1
Kg8 36. Qf3 Ne3 37. Bxe3 dxe3 38. Qxe3 Qd4 39. Qxd4 exd4 40. Bf3 Bd6 41. Nh5 Rh6
42. Nxf6+ Kf8 43. Ng4 Rh4 44. f6 Bf4 45. g7+ 1-0

[Event "PRO League Group Stage"]
[Site "chess.com INT"]
[Date "2018.02.24"]
[Round "7"]
[White "Margvelashvili, Giorgi"]
[Black "Kuznecov, Mikhail"]
[Result "1-0"]
[WhiteTitle "GM"]
[BlackTitle "FM"]
[WhiteElo "2530"]
[BlackElo "2378"]
[WhiteTeam "Seattle Sluggers"]
[BlackTeam "Volga Stormbringers"]
[WhiteFideId "13602926"]
[BlackFideId "4189159"]
[EventDate "2018.01.18"]

1. d4 d6 2. c4 Nf6 3. Nc3 Nbd7 4. Nf3 c6 5. g3 e5 6. dxe5 dxe5 7. Bg2 Be7 8. O-O
O-O 9. Qc2 a5 10. Rd1 Qc7 11. h3 h6 12. Be3 Bc5 13. Qc1 Re8 14. Na4 Bxe3 15.
Qxe3 b6 16. Nd2 Bb7 17. Nb3 c5 18. Bxb7 Qxb7 19. Rd6 Ne4 20. Rxd7 Qxd7 21. Nxb6
Qc6 22. Nxa8 Rxa8 23. Nd2 Ng5 24. h4 Ne6 25. Qxe5 Re8 26. e3 Qd7 27. Qd5 Qa4 28.
b3 Qb4 29. Ne4 a4 30. Qd3 Rd8 31. Qc2 axb3 32. axb3 Qb7 33. Nc3 Qf3 34. Rd1 Rb8
35. Nd5 g5 36. Kh2 Rb7 37. Ra1 Rb8 38. Rf1 Ra8 39. Qd1 Qxd1 40. Rxd1 Ra2 41. Kg2
Rb2 42. hxg5 hxg5 43. Rd3 Kg7 44. g4 Nf8 45. Ne7 Kf6 46. Nf5 Ne6 47. Kg3 Rb1 48.
Nd6 Rg1+ 49. Kf3 Rb1 50. Ne4+ Ke7 51. Rd5 Rxb3 52. Nxg5 Nd4+ 53. Ke4 Ne2 54.
Re5+ Kd7 55. Rxc5 Nc3+ 56. Kf3 f6 57. Ne4 Nd1 58. Nxf6+ Ke6 59. Ne4 Rd3 60. Rd5
Nb2 61. Rxd3 Nxd3 62. c5 Ne5+ 63. Kf4 Nd3+ 64. Kg3 Ke5 65. f3 Nb4 66. g5 Kf5 67.
Kf2 Nc6 68. Ke2 Ne5 69. f4 Nc6 70. Kf3 Nb4 71. Ng3+ Ke6 72. Ke4 Na6 73. f5+ Ke7
74. f6+ Ke6 75. Kd4 Nb4 76. Ne4 Nc6+ 77. Kc4 Ke5 78. f7 1-0

[Event "PRO League Group Stage"]
[Site "chess.com INT"]
[Date "2018.02.24"]
[Round "7"]
[White "Margvelashvili, Giorgi"]
[Black "Degraeve, Remy"]
[Result "1-0"]
[WhiteTitle "GM"]
[WhiteElo "2530"]
[BlackElo "2210"]
[WhiteTeam "Seattle Sluggers"]
[BlackTeam "Marseille Migraines"]
[WhiteFideId "13602926"]
[BlackFideId "26024560"]
[EventDate "2018.01.18"]

1. d4 Nf6 2. c4 e6 3. Nf3 d5 4. Bg5 dxc4 5. Qa4+ c6 6. Qxc4 Be7 7. e3 O-O 8. Bd3
h6 9. Bh4 b5 10. Qc2 Bb7 11. O-O Nbd7 12. Rd1 a6 13. a4 Qb6 14. Nc3 Rfc8 15. Ne5
Nxe5 16. dxe5 Nd5 17. Bxe7 Nxe7 18. Ne4 Ng6 19. Nd6 Nxe5 20. Nxc8 Rxc8 21. h3 c5
22. Bh7+ Kh8 23. Be4 c4 24. axb5 axb5 25. Bxb7 Qxb7 26. Qc3 Nd3 27. b3 Qe4 28.
bxc4 bxc4 29. Rd2 Rc5 30. Ra5 Rxa5 31. Qxa5 Ne1 32. Rd8+ Kh7 33. Qxe1 Qc2 34.
Rd1 h5 35. Rc1 Qg6 36. Qc3 f5 37. Qxc4 e5 38. h4 e4 39. Qc7 Qg4 40. Qf4 Qg6 41.
Rc7 Qf6 42. Ra7 Qf8 43. Qg5 Kg8 44. Qxh5 Qb8 45. Qf7+ 1-0

[Event "PRO League Group Stage"]
[Site "chess.com INT"]
[Date "2018.02.24"]
[Round "7"]
[White "Margvelashvili, Giorgi"]
[Black "Tania, Sachdev"]
[Result "1-0"]
[WhiteTitle "GM"]
[BlackTitle "IM"]
[WhiteElo "2530"]
[BlackElo "2402"]
[WhiteTeam "Seattle Sluggers"]
[BlackTeam "Delhi Dynamite"]
[WhiteFideId "13602926"]
[BlackFideId "5007844"]
[EventDate "2018.01.18"]

1. Nf3 Nf6 2. c4 e6 3. Nc3 b6 4. e4 d6 5. d4 Bb7 6. Bd3 Nbd7 7. O-O e5 8. d5 g6
9. Rb1 Bg7 10. b4 O-O 11. Nd2 a5 12. a3 axb4 13. axb4 Bh6 14. Qc2 Nh5 15. g3 Ng7
16. Nb3 Bxc1 17. Rfxc1 f5 18. c5 bxc5 19. bxc5 dxc5 20. Nb5 fxe4 21. Bxe4 Nf6
22. Nxc5 Nxe4 23. Nxb7 Qf6 24. Nxc7 Ra3 25. Rf1 Ng5 26. Qe2 Nf3+ 27. Kg2 Nd4 28.
Qe4 Ra2 29. Kh1 Rxf2 30. Rxf2 Qxf2 31. Qg2 Qe3 32. d6 Qd3 33. Rc1 Nb3 34. Re1
Nf5 35. Qd5+ Qxd5+ 36. Nxd5 Nfd4 37. d7 Nc6 38. Nc7 Nd8 39. Rxe5 Nxb7 40. Ne6
Rf1+ 41. Kg2 Rd1 42. Rb5 N3c5 43. Nxc5 Nxc5 44. Rb8+ Kg7 45. d8=Q Rxd8 46. Rxd8
Ne6 47. Ra8 Kf6 48. Ra7 h5 49. Ra4 Kf5 50. Kf3 Ng5+ 51. Ke3 Ne6 52. Ra5+ Kf6 53.
h4 g5 54. Rb5 gxh4 55. gxh4 Kg6 56. Ra5 Ng7 57. Kf4 Ne6+ 58. Ke5 Nf8 59. Ra6+
Kg7 60. Kf5 Nh7 61. Ra7+ Kh6 62. Rf7 1-0

[Event "PRO League Group Stage"]
[Site "chess.com INT"]
[Date "2018.02.24"]
[Round "7"]
[White "Margvelashvili, Giorgi"]
[Black "Stefansson, Hannes"]
[Result "0-1"]
[WhiteTitle "GM"]
[BlackTitle "GM"]
[WhiteElo "2530"]
[BlackElo "2523"]
[WhiteTeam "Seattle Sluggers"]
[BlackTeam "Reykjavik Puffins"]
[WhiteFideId "13602926"]
[BlackFideId "2300087"]
[EventDate "2018.01.18"]

1. Nf3 Nf6 2. c4 b6 3. g3 Bb7 4. Bg2 g6 5. b3 Bg7 6. Bb2 O-O 7. O-O e6 8. d4 d5
9. Nc3 Ne4 10. cxd5 Nxc3 11. Bxc3 Bxd5 12. Qc2 Nd7 13. e4 Bb7 14. Rad1 Qe7 15.
Rfe1 Rfd8 16. d5 e5 17. Nd2 b5 18. Ba5 Nb6 19. Rc1 c6 20. dxc6 Rac8 21. Qc5 Qxc5
22. Rxc5 Bxc6 23. Rec1 Bd7 24. Bf1 Bf8 25. Bxb6 axb6 26. Rxc8 Bxc8 27. Nf3 Bb7
28. Bxb5 Bxe4 29. Nxe5 Rd2 30. Re1 Bb7 31. a4 Bc5 32. Nd3 Bd4 33. Bc4 Kf8 34.
Kf1 Bf3 35. Kg1 f5 36. Kf1 Be4 37. Nf4 Rxf2+ 38. Kg1 Rxf4+ 0-1

[Event "PRO League Group Stage"]
[Site "chess.com INT"]
[Date "2018.02.24"]
[Round "7"]
[White "Flores Rios, Mauricio"]
[Black "Ghasi, Ameet K"]
[Result "0-1"]
[WhiteTitle "GM"]
[BlackTitle "IM"]
[WhiteElo "2529"]
[BlackElo "2475"]
[WhiteTeam "Minnesota Blizzard"]
[BlackTeam "London Towers"]
[WhiteFideId "3408027"]
[BlackFideId "409200"]
[EventDate "2018.01.18"]

1. d4 Nf6 2. c4 g6 3. Nc3 Bg7 4. e4 O-O 5. Nf3 d6 6. h3 Na6 7. Bg5 Qe8 8. Be2 e5
9. d5 Nh5 10. g3 f5 11. exf5 gxf5 12. Nh4 Nf6 13. Qc2 Nb4 14. Qd2 a5 15. O-O-O
Ne4 16. Nxe4 fxe4 17. Kb1 Qa4 18. a3 Rxf2 19. Rdf1 Rxf1+ 20. Rxf1 Bxh3 21. Bd1
Qd7 22. Rh1 Nd3 23. Bh6 Bxh6 24. Qxh6 Qg7 25. Qe3 Bd7 26. Bc2 Rf8 27. Bxd3 exd3
28. Qxd3 Qg4 29. Ka1 Rf2 30. Qc3 b6 31. Qd3 Ba4 32. Qe3 Rf6 33. b3 Be8 34. Qd3
h5 35. Rf1 Rxf1+ 36. Qxf1 Qg5 37. Qf2 a4 38. Kb2 axb3 39. Kxb3 Bd7 40. a4 Kg7
41. Qf3 Bg4 42. Qd3 Qf6 43. a5 bxa5 44. Ka4 e4 45. Qd2 Qa1+ 46. Kb5 Qb1+ 47. Kc6
Qb6# 0-1

[Event "PRO League Group Stage"]
[Site "chess.com INT"]
[Date "2018.02.24"]
[Round "7"]
[White "Flores Rios, Mauricio"]
[Black "Guseinov, Gadir"]
[Result "1/2-1/2"]
[WhiteTitle "GM"]
[BlackTitle "GM"]
[WhiteElo "2529"]
[BlackElo "2646"]
[WhiteTeam "Minnesota Blizzard"]
[BlackTeam "Estonia Horses"]
[WhiteFideId "3408027"]
[BlackFideId "13401378"]
[EventDate "2018.01.18"]

1. d4 Nf6 2. c4 g6 3. Nc3 Bg7 4. e4 d6 5. Nf3 O-O 6. h3 e5 7. d5 Nh5 8. g3 Na6
9. Be3 f5 10. exf5 gxf5 11. Ng5 Qe8 12. Be2 Nf6 13. Qd2 Nc5 14. O-O-O Bd7 15. g4
h6 16. Ne6 Bxe6 17. dxe6 Qxe6 18. gxf5 Qxf5 19. Bxh6 Bxh6 20. Qxh6 Qf4+ 21. Qxf4
exf4 22. Bf3 a5 23. h4 Rae8 24. Rd4 Ne6 25. Rd2 Nc5 26. Rd4 Ne6 27. Rd2 Nc5 28.
Rd4 1/2-1/2

[Event "PRO League Group Stage"]
[Site "chess.com INT"]
[Date "2018.02.24"]
[Round "7"]
[White "Flores Rios, Mauricio"]
[Black "Kantans, Toms"]
[Result "1/2-1/2"]
[WhiteTitle "GM"]
[BlackTitle "GM"]
[WhiteElo "2529"]
[BlackElo "2478"]
[WhiteTeam "Minnesota Blizzard"]
[BlackTeam "Riga Magicians"]
[WhiteFideId "3408027"]
[BlackFideId "11602945"]
[EventDate "2018.01.18"]

1. d4 Nf6 2. c4 g6 3. Nc3 d5 4. Nf3 Bg7 5. Qb3 dxc4 6. Qxc4 O-O 7. e4 Na6 8. Be2
c5 9. d5 e6 10. O-O exd5 11. exd5 Re8 12. Rd1 Bf5 13. d6 h6 14. Be3 Nd7 15. Rac1
Nb4 16. Bxc5 Nxa2 17. Qxa2 Nxc5 18. Bc4 Be6 19. Nb5 Qb6 20. Nc7 Ne4 21. Rc2 Bxc4
22. Qxc4 Nxd6 23. Nxa8 Nxc4 24. Nxb6 Nxb6 25. b3 Re7 26. Kf1 Bf6 27. Nd4 a6 28.
Nf3 Kg7 29. Rd6 Na8 30. Rc8 Nc7 31. Rb8 Ne6 32. Rb6 Nc5 33. b4 Nd7 34. R8xb7
Nxb6 35. Rxb6 Bc3 36. Rxa6 Bxb4 37. g3 Bc3 38. Rc6 Bf6 39. h4 h5 40. Ne1 Rd7 41.
Ke2 Re7+ 42. Kf1 Rd7 43. Rc2 Rb7 44. Nd3 Rd7 45. Nf4 Rb7 46. Ke2 Rb2 47. Rxb2
Bxb2 48. Nd3 Bd4 49. Kf3 Ba7 50. Ke4 Bb6 51. Kf4 Ba7 52. Kf3 Bb6 53. Ne5 Ba7 54.
Nc4 Bc5 55. Kg2 Ba7 56. Ne5 Bd4 57. Nc6 Bc5 58. Ne5 Bd4 59. Nf3 Bc5 60. Ng5 Ba7
61. Ne4 Bd4 62. Kf3 Ba7 63. Ke2 Bb6 64. f4 Ba5 65. Kf3 Bb4 66. Nf2 Be1 67. Nd3
Ba5 68. Ke4 Bc7 69. Ne5 Ba5 70. Nf3 Bc7 71. Ne5 Ba5 72. Kf3 Be1 73. Nc4 Bb4 74.
Ne3 Be1 75. f5 Kf6 76. fxg6 fxg6 77. Nd5+ Kg7 78. Nf4 Ba5 79. Ne6+ Kf6 80. Nf4
Kg7 81. Ke4 Be1 82. Kf3 1/2-1/2

[Event "PRO League Group Stage"]
[Site "chess.com INT"]
[Date "2018.02.24"]
[Round "7"]
[White "Flores Rios, Mauricio"]
[Black "Jobava, Baadur"]
[Result "0-1"]
[WhiteTitle "GM"]
[BlackTitle "GM"]
[WhiteElo "2529"]
[BlackElo "2690"]
[WhiteTeam "Minnesota Blizzard"]
[BlackTeam "Stockholm Snowballs"]
[WhiteFideId "3408027"]
[BlackFideId "13601520"]
[EventDate "2018.01.18"]

1. d4 Nf6 2. c4 g6 3. Nc3 Bg7 4. e4 O-O 5. Nf3 c6 6. e5 Ne8 7. Be2 d6 8. exd6
Nxd6 9. O-O Bg4 10. d5 Bxf3 11. Bxf3 Nxc4 12. Qb3 Nb6 13. Rd1 Qc7 14. Be3 N8d7
15. Rac1 Ne5 16. Be2 Qb8 17. Bxb6 axb6 18. Qxb6 Rc8 19. a3 h5 20. dxc6 Rxc6 21.
Qb4 e6 22. h3 Qc7 23. Bb5 Rc5 24. Qe4 Rc8 25. Bf1 Qe7 26. Qb4 Bf6 27. Na2 Kg7
28. Rxc5 Rxc5 29. Nc3 Nc6 30. Qb3 Bxc3 31. bxc3 Qc7 32. c4 Ne5 33. Rd4 Kh7 34.
a4 b6 35. Re4 Nc6 36. Qc3 e5 37. Re1 Nd4 38. f4 Nc6 39. fxe5 Nxe5 40. Re4 Qd6
41. Qd4 Qc7 42. Qc3 Ra5 43. Qe3 Qd6 44. Qf2 Kg7 45. Qb2 f6 46. Qf2 Qc5 47. Re3
Rxa4 48. Rb3 Rb4 49. Rxb4 Qxb4 50. Kh2 Qd6 51. Kh1 g5 52. Qf5 h4 53. Be2 Qd2 54.
Qe4 Qc1+ 55. Kh2 Qf4+ 56. Qxf4 gxf4 57. Kg1 Kf8 58. Kf2 Ke7 59. Bf1 Kd6 60. Be2
Kc5 61. Bf1 Nxc4 62. Bd3 Ne5 63. Bf5 b5 64. Ke2 b4 65. Be6 Kd4 0-1

[Event "PRO League Group Stage"]
[Site "chess.com INT"]
[Date "2018.02.24"]
[Round "7"]
[White "Perez, Maximiliano"]
[Black "Kuznecov, Mikhail"]
[Result "0-1"]
[WhiteTitle "IM"]
[BlackTitle "FM"]
[WhiteElo "2399"]
[BlackElo "2378"]
[WhiteTeam "Buenos Aires Krakens"]
[BlackTeam "Volga Stormbringers"]
[WhiteFideId "117234"]
[BlackFideId "4189159"]
[EventDate "2018.01.18"]

1. e4 d6 2. d4 Nf6 3. Nc3 e5 4. Nf3 Nbd7 5. Bc4 Be7 6. O-O O-O 7. a4 a5 8. Ba2
c6 9. h3 exd4 10. Nxd4 Nc5 11. Re1 Be6 12. Nxe6 fxe6 13. e5 Nd5 14. Ne4 dxe5 15.
Qg4 Rf5 16. Ng3 Rf6 17. Rxe5 Rg6 18. Qf3 Bd6 19. Re1 Qh4 20. Ne4 Rf8 21. Qe2
Nxe4 22. Qxe4 Qxf2+ 23. Kh1 Qg3 0-1

[Event "PRO League Group Stage"]
[Site "chess.com INT"]
[Date "2018.02.24"]
[Round "7"]
[White "Perez, Maximiliano"]
[Black "Degraeve, Remy"]
[Result "1-0"]
[WhiteTitle "IM"]
[WhiteElo "2399"]
[BlackElo "2210"]
[WhiteTeam "Buenos Aires Krakens"]
[BlackTeam "Marseille Migraines"]
[WhiteFideId "117234"]
[BlackFideId "26024560"]
[EventDate "2018.01.18"]

1. e4 d6 2. d4 Nf6 3. Nc3 g6 4. Be3 c6 5. f3 b5 6. Qd2 Nbd7 7. g4 Nb6 8. g5 Nfd7
9. b3 Bg7 10. h4 b4 11. Nce2 c5 12. Rd1 Qc7 13. h5 Rg8 14. Bg2 Ba6 15. c4 bxc3
16. Nxc3 Rc8 17. d5 Ne5 18. Bh3 Nd3+ 19. Kf1 Nb2+ 20. Ke1 Nxd1 21. Nxd1 Nd7 22.
f4 c4 23. bxc4 Qxc4 24. Bg2 Nc5 25. Bxc5 Qxc5 26. Ne2 Qc2 27. Ne3 Qa4 28. Kf2
Bxe2 29. Qxe2 Bd4 30. Rd1 Rc3 31. Rd3 Bxe3+ 32. Kxe3 Qc4 33. Rxc3 Qxc3+ 34. Kf2
Qc5+ 35. Kg3 Kd7 36. Bh3+ Kc7 37. e5 Rb8 38. exd6+ Qxd6 39. Qc4+ Kd8 40. Qd4 Qb4
41. Qxa7 Qc3+ 42. Kh4 Qe1+ 43. Kg4 Qe2+ 44. Kg3 Qd3+ 45. Kh4 Qb5 46. Qd4 Qb4 47.
Qh8+ Kc7 48. Qe5+ Qd6 49. Qc3+ Kb6 50. Qd4+ Kb5 51. Bd7+ Ka5 52. Qa4+ Kb6 53.
Bc6 Kc7 54. Qa7+ Kd8 55. Qa5+ Qc7 56. Qa4 e6 57. dxe6 fxe6 58. Qd4+ Ke7 59. Bf3
Rf8 60. Kg3 e5 61. fxe5 Rf5 62. Qb4+ Kd8 63. Qd4+ Ke8 64. hxg6 hxg6 65. Be4
Rxg5+ 66. Kf4 Qe7 67. e6 1-0

[Event "PRO League Group Stage"]
[Site "chess.com INT"]
[Date "2018.02.24"]
[Round "7"]
[White "Perez, Maximiliano"]
[Black "Tania, Sachdev"]
[Result "0-1"]
[WhiteTitle "IM"]
[BlackTitle "IM"]
[WhiteElo "2399"]
[BlackElo "2402"]
[WhiteTeam "Buenos Aires Krakens"]
[BlackTeam "Delhi Dynamite"]
[WhiteFideId "117234"]
[BlackFideId "5007844"]
[EventDate "2018.01.18"]

1. e4 e5 2. Nf3 Nc6 3. Bc4 Bc5 4. O-O Nf6 5. Re1 O-O 6. h3 d6 7. c3 a6 8. d3 Na5
9. b4 Nxc4 10. bxc5 Na5 11. cxd6 cxd6 12. Nbd2 Qc7 13. Ba3 Rd8 14. c4 Nd7 15.
Nf1 Nc5 16. Ne3 Be6 17. Ng5 Nc6 18. Bb2 h6 19. Nxe6 fxe6 20. Ng4 h5 21. Nh2 Rf8
22. Re3 Qf7 23. Rf3 Qg6 24. Rg3 Qf7 25. Nf3 Nb4 26. d4 Nxe4 27. dxe5 Nxg3 28.
fxg3 dxe5 29. Bxe5 Rad8 30. Qe2 Nc6 31. Bb2 e5 32. Kh2 Nd4 33. Qxe5 Nxf3+ 34.
gxf3 Rfe8 35. Qc3 Re2+ 36. Kg1 Rdd2 37. Rb1 Qg6 0-1

[Event "PRO League Group Stage"]
[Site "chess.com INT"]
[Date "2018.02.24"]
[Round "7"]
[White "Perez, Maximiliano"]
[Black "Stefansson, Hannes"]
[Result "0-1"]
[WhiteTitle "IM"]
[BlackTitle "GM"]
[WhiteElo "2399"]
[BlackElo "2523"]
[WhiteTeam "Buenos Aires Krakens"]
[BlackTeam "Reykjavik Puffins"]
[WhiteFideId "117234"]
[BlackFideId "2300087"]
[EventDate "2018.01.18"]

1. e4 c5 2. Nf3 Nc6 3. d4 cxd4 4. Nxd4 e6 5. Nc3 a6 6. Nxc6 bxc6 7. Bd3 d5 8.
O-O Nf6 9. e5 Nd7 10. Re1 Be7 11. Qg4 Kf8 12. Na4 Qa5 13. Re2 h5 14. Qf4 g5 15.
Bd2 gxf4 16. Bxa5 Rg8 17. f3 Nc5 18. Nxc5 Bxc5+ 19. Kf1 Rb8 20. Bd2 Rxb2 21.
Bxf4 Bd4 22. a4 c5 23. Rc1 Bc3 24. Bd2 Bxd2 25. Rxd2 Ke7 26. Ra1 c4 27. Be2 Bd7
28. f4 c3 29. Rd3 Rxc2 30. Kf2 Rc8 31. Ke1 Rc4 32. Kd1 Rb2 33. Bf3 Bxa4+ 34. Ke1
Bb5 35. Rc1 d4 36. Bxh5 Rxg2 0-1

[Event "PRO League Group Stage"]
[Site "chess.com INT"]
[Date "2018.02.24"]
[Round "7"]
[White "Brattain, Mika"]
[Black "Kuznecov, Mikhail"]
[Result "1-0"]
[BlackTitle "FM"]
[WhiteElo "2404"]
[BlackElo "2378"]
[WhiteTeam "Pittsburgh Pawngrabbers"]
[BlackTeam "Volga Stormbringers"]
[WhiteFideId "2071142"]
[BlackFideId "4189159"]
[EventDate "2018.01.18"]

1. e4 d6 2. d4 Nf6 3. Nd2 e5 4. c3 Be7 5. Ngf3 Nbd7 6. Bd3 O-O 7. O-O c6 8. Re1
Re8 9. Nf1 Nf8 10. Ng3 Ng6 11. h3 h6 12. a4 a5 13. Qc2 Qc7 14. Be3 Be6 15. b3
Bf8 16. Rad1 Rad8 17. c4 exd4 18. Nxd4 Bc8 19. f4 Nd7 20. Nf3 Nc5 21. Bf1 Be7
22. Nh5 Bf8 23. Bxc5 dxc5 24. e5 Rxd1 25. Rxd1 Qe7 26. Qf2 Bf5 27. g4 Bc8 28.
Re1 Qc7 29. Qg3 Qd8 30. f5 Ne7 31. Nh4 Qd4+ 32. Kh1 Rd8 33. f6 Ng6 34. Nf5 Bxf5
35. gxf5 Nh4 36. fxg7 Be7 37. f6 Nf5 38. Qg4 Qd2 39. fxe7 Rd4 40. Nf6# 1-0

[Event "PRO League Group Stage"]
[Site "chess.com INT"]
[Date "2018.02.24"]
[Round "7"]
[White "Brattain, Mika"]
[Black "Degraeve, Remy"]
[Result "1-0"]
[WhiteElo "2404"]
[BlackElo "2210"]
[WhiteTeam "Pittsburgh Pawngrabbers"]
[BlackTeam "Marseille Migraines"]
[WhiteFideId "2071142"]
[BlackFideId "26024560"]
[EventDate "2018.01.18"]

1. e4 d6 2. d4 Nf6 3. Nd2 g6 4. Ngf3 Bg7 5. c3 O-O 6. Bd3 c5 7. O-O Nc6 8. d5
Ne5 9. Nxe5 dxe5 10. a4 e6 11. dxe6 Bxe6 12. Qe2 Rc8 13. Nc4 Nd7 14. Ne3 Qc7 15.
Bc4 Qc6 16. Nd5 Rfe8 17. Rd1 Nb6 18. Bb5 Bxd5 19. Bxc6 Bxc6 20. b3 a5 21. f3 c4
22. Be3 Nd7 23. Qxc4 h5 24. Qe2 Nf8 25. b4 Ne6 26. b5 Nf4 27. Bxf4 exf4 28. bxc6
Rxc6 29. Rab1 Bxc3 30. Rxb7 Rec8 31. Qb5 Bg7 32. Rb8 Rxb8 33. Qxb8+ Kh7 34. Qxf4 1-0

[Event "PRO League Group Stage"]
[Site "chess.com INT"]
[Date "2018.02.24"]
[Round "7"]
[White "Brattain, Mika"]
[Black "Tania, Sachdev"]
[Result "1/2-1/2"]
[BlackTitle "IM"]
[WhiteElo "2404"]
[BlackElo "2402"]
[WhiteTeam "Pittsburgh Pawngrabbers"]
[BlackTeam "Delhi Dynamite"]
[WhiteFideId "2071142"]
[BlackFideId "5007844"]
[EventDate "2018.01.18"]

1. e4 e5 2. Nf3 Nc6 3. d4 exd4 4. Nxd4 Nf6 5. Nxc6 bxc6 6. e5 Qe7 7. Qe2 Nd5 8.
c4 Nb6 9. b3 Bb7 10. Bb2 O-O-O 11. Nd2 f6 12. exf6 gxf6 13. Qxe7 Bxe7 14. Be2
Rde8 15. O-O-O Bc5 16. Bh5 Re6 17. Bg4 Ree8 18. f3 Rhf8 19. Rhe1 Be3 20. Kc2 f5
21. Bxf5 Rxf5 22. Nf1 d5 23. Rxe3 Rg8 24. g4 Rf7 25. c5 Nd7 26. Bd4 Rgf8 27.
Rde1 Ba6 28. Nd2 Rf4 29. Re8+ Rxe8 30. Rxe8+ Kb7 31. Kc3 Nf8 32. b4 Ng6 33. Be3
Rf7 34. Nb3 Bb5 35. Nd4 Nh4 36. f4 Bf1 37. a4 a6 38. Ne6 Rf6 39. Nd8+ Ka7 40. f5
Nf3 41. g5 Rxf5 42. Nxc6+ Kb7 43. Na5+ Ka7 44. c6+ d4+ 45. Bxd4+ Nxd4 46. Kxd4
Rxg5 47. Re7 Kb8 48. Rxh7 Rg4+ 49. Kc3 Be2 50. Rh8+ Ka7 51. Rc8 Rg7 52. Nc4 Bxc4
53. Kxc4 Kb6 54. Ra8 Rg4+ 55. Kd5 Rg5+ 56. Kc4 Rg4+ 57. Kc3 Rh4 58. a5+ Kxc6 59.
Rxa6+ Kb5 60. Ra7 Rh3+ 61. Kd4 Rh4+ 62. Kc3 Rh3+ 63. Kd4 Rh4+ 64. Kd5 Rh5+ 65.
Ke6 Kxb4 66. Rxc7 Rxh2 67. a6 Kb5 68. a7 Ra2 69. Kd7 Kb6 70. Kc8 Rxa7 71. Rxa7
Kxa7 1/2-1/2

[Event "PRO League Group Stage"]
[Site "chess.com INT"]
[Date "2018.02.24"]
[Round "7"]
[White "Brattain, Mika"]
[Black "Stefansson, Hannes"]
[Result "1/2-1/2"]
[BlackTitle "GM"]
[WhiteElo "2404"]
[BlackElo "2523"]
[WhiteTeam "Pittsburgh Pawngrabbers"]
[BlackTeam "Reykjavik Puffins"]
[WhiteFideId "2071142"]
[BlackFideId "2300087"]
[EventDate "2018.01.18"]

1. e4 c5 2. Nf3 Nc6 3. Bb5 e6 4. Bxc6 bxc6 5. b3 Qc7 6. Bb2 f6 7. O-O e5 8. Nh4
Ne7 9. g3 d6 10. f4 Ng6 11. Qh5 Qf7 12. fxe5 Nxe5 13. Qxf7+ Nxf7 14. d3 Be6 15.
Nd2 d5 16. Ng2 Nd6 17. Nf4 Bf7 18. Rae1 Kd7 19. e5 fxe5 20. Bxe5 Re8 21. Nf3 Rg8
22. Ng5 Be7 23. Bxd6 Bxg5 24. Bxc5 a6 25. Nh3 Rxe1 26. Rxe1 Bf6 27. Nf2 h5 28.
Kg2 Re8 29. Rxe8 Bxe8 30. Kf3 Bf7 31. Ke2 Be6 32. Be3 Bf5 33. h4 Ke6 34. Bf4 Bd4
35. Be3 Be5 36. Kf3 Bd6 37. g4 hxg4+ 38. Nxg4 Bg6 39. Bf4 Be7 40. Ne5 Bh5+ 41.
Kg3 c5 42. Ng4 Bd8 43. Ne3 d4 44. Ng4 Kf5 45. Nf2 Be7 46. Bc7 g6 47. Bb8 Be2 48.
Bc7 Bh5 49. Bb8 Be2 50. Bc7 Bh5 1/2-1/2

[Event "PRO League Group Stage"]
[Site "chess.com INT"]
[Date "2018.02.24"]
[Round "7"]
[White "Cornejo, Max"]
[Black "Kuznecov, Mikhail"]
[Result "0-1"]
[WhiteTitle "IM"]
[BlackTitle "FM"]
[WhiteElo "2421"]
[BlackElo "2378"]
[WhiteTeam "Rio Grande Ospreys"]
[BlackTeam "Volga Stormbringers"]
[WhiteFideId "3801950"]
[BlackFideId "4189159"]
[EventDate "2018.01.18"]

1. e4 d6 2. d4 Nf6 3. Bd3 e5 4. c3 Nbd7 5. Ne2 Be7 6. O-O O-O 7. f4 c6 8. Kh1
Qc7 9. Na3 Re8 10. Nc4 b5 11. Ne3 Bf8 12. Nf5 exd4 13. Nexd4 Nxe4 14. Qc2 Nec5
15. Be2 Nf6 16. Bf3 d5 17. b3 Nce4 18. Ne3 Bd7 19. c4 bxc4 20. bxc4 Qb6 21. Bb2
Rac8 22. Rab1 Qc7 23. Ne2 Bc5 24. Nd4 Qxf4 25. Rbe1 Bxd4 26. Bxd4 Ng3+ 27. hxg3
Qxd4 28. Qb3 Rb8 29. Qa3 dxc4 30. Nc2 Qd3 31. Qc1 Rxe1 32. Rxe1 Be6 33. Re3 Qd6
34. Qe1 h6 35. Rc3 Bd5 36. Ne3 Bxf3 37. gxf3 Re8 38. Qf2 Qd4 39. Ra3 Nd5 40. Ng4
Qxf2 41. Nxf2 c3 42. Ra4 Re2 43. Kg2 Ne3+ 44. Kg1 c2 45. Nd3 Rd2 46. Nc1 Rd1+
47. Kf2 Rxc1 48. Kxe3 Re1+ 0-1